Informe sobre els patrimonis confiscats a les cooperatives el 1939
Publicado:
[Barcelona] :
Generalitat de Catalunya. Departament de Treball. Direcció General de Cooperatives ,
1984
Descripción Física:
172 p. ; 23'5 cm
MARC
| LEADER | 00000nam a2200000Ia 4500 | ||
|---|---|---|---|
| 001 | 1489 | ||
| 008 | 160829s1984 xx 000 0 cat d | ||
| 080 | |a M-1-252 | ||
| 245 | |a Informe sobre els patrimonis confiscats a les cooperatives el 1939 | ||
| 260 | |a [Barcelona] : |b Generalitat de Catalunya. Departament de Treball. Direcció General de Cooperatives, |c 1984 | ||
| 300 | |a 172 p. ; |c 23'5 cm | ||
| 650 | |a Cooperativisme |x Catalunya |x 1939/1983 |9 31569 | ||
| 650 | |a Cooperatives |x Catalunya |x S. XX |9 31570 | ||
| 901 | |a Arxiu | ||
| 942 | |n 1 | ||
| 952 | |0 0 |1 0 |4 0 |6 M1252 |7 1 |9 45673 |a Arxiu |b Arxiu |d 2016-12-01 |l 0 |o M-1-252 |p 1489 |r 2016-12-01 00:00:00 |w 2016-12-01 |y ARXIU | ||
| 999 | |c 49173 |d 49173 | ||